000
00209 a2200097 4500
001
46022
100
_a
Andrews E
245
_a
Sports report
260
_a
London
_b
William Heinemann
_c
090
_c
29152
_d
29152
942
_a
NUST-CAE
_c
M
_c
21283
999
_c
281095
_d
281095